LEADER 00880nam a2200205 4500 001 000000336297 003 CaOOAMICUS 005 20190903162205.0 008 190902s1963 it 000 u ita r 040 $aSeMil$bita 100 1 $aSullivan, Francis A.$0(OLS)http://semarc/name/19856 245 10$aDe Ecclesia /$cFrancisco A. Sullivan. 264 1$aRomae :$bapud aedes Universitatis Gregorianae,$c1963. 300 $av. ;$c22 cm 500 $aIn testa al front.: Pontificia Universitas Gregoriana 650 4$aEcclesiologia - Manuali.$0(OLS)http://semarc/subject/19199 774 0 $t1: Quaestiones theologiae fundamentalis.$dRomae : Apud Aedes Universitatis Gregorianae, 1963.$w()336300 996 $6245$aDe Ecclesia$9(OLS)http://semarc/title/425573 996 $6264$aRomae :$bapud aedes Universitatis Gregorianae$9(OLS)http://semarc/publisher/31961 LEADER 00713nam a2200169 i 4500 001 000000232048 003 CaOOAMICUS 005 20140818000000.0 008 140818s1838 it u000 u ita u 013 $a210951 040 $aSeMil$bita 245 10$aTesto. Vol. 13. 300 $a550 p. 773 0 $tSacra Bibbia di Vence.$bGiusta la quinta edizione del signor Drach con atlante e carte iconografiche corredata di nuove illustrazioni ... per cura del prof. Bartolomeo Catena.$dMilano : Presso Ant. Fort. Stella e figli, 1830-1840.$g13$w()30340 850 $aSeMil 852 $aSeMil$W1$xVenegono$y1$m2Y III 38 FA$j182394$B182394$CSeMilBibl$Z2$F193417 $8I 996 $6245$aTesto. Vol. 13$9(OLS)http://semarc/title/331140